| 000 | 00563nam a2200193Ia 4500 | ||
|---|---|---|---|
| 005 | 20250508163151.0 | ||
| 008 | 008 250505s9999 xx 000 0 hin d | ||
| 037 | _aTextual | ||
| 040 |
_aFEDL _beng _cFEDL |
||
| 041 |
_ahin _2eng |
||
| 084 |
_a370.1, BHA _qFEDL |
||
| 100 |
_aBhatiya K. K. _9774844 |
||
| 245 | 0 | _aShiksha ke siddhant tatha vidgiyan | |
| 260 |
_aLudhiana, India _bPrakash Brothers India _c1976 |
||
| 650 | _aEducation - Philosophy | ||
| 700 |
_a Narang C. L. _9774845 |
||
| 942 |
_cTEXL _h370.1, BHA |
||
| 999 |
_c1381266 _d1381266 |
||